Fonetika pro logopédy

Podrobná bibliografia
Hlavný autor: Ohnesorg, Karel, 1906-1976 (Autor)
Médium: Kniha
Jazyk:čeština
Fyzický popis:115 s.
Vydavateľské údaje: Praha Státní pedagogické nakladatelství 1974
Vydanie:1. vyd.
Predmet:

MARC

LEADER 00000cam a2200000 a 4500
001 vtls010096337
003 SK-MaSNL
005 20260301172453.0
008 240314s1974 xr frnp 001 0 cze
040 |a SNK  |b slo  |c SNK  |e AACR2 
041 0 |a cze 
044 |a xr  |c CZ 
080 |a 808.50-4  |2 1981 
100 1 |a Ohnesorg, Karel,  |d 1906-1976  |4 aut  |9 5566 
245 1 0 |a Fonetika pro logopédy  |c Karel Ohnesorg 
250 |a 1. vyd. 
260 |a Praha  |b Státní pedagogické nakladatelství  |c 1974 
300 |a 115 s. 
504 |a Reg. 
650 0 7 |a logopédia  |2 SNKPH  |9 921 
655 7 |a učebnice vysokých škôl  |2 SNKPH  |9 70191 
710 2 |a Univerzita Karlova.  |b Fakulta sociálních věd  |4 pbl  |9 203850 
852 |a Slovenská národná knižnica 
958 |a OND 
958 |a CZ 
958 |a NB 
999 |c 833608  |d 835538 
952 |a SNK  |b SNK  |y VYP  |7 0  |p 17A0748459  |o snkIB 30774 D1  |i snkKIP 5896/74  |0 0  |1 1  |4 0  |d 2011-11-23  |l 0  |r 2026-02-24 03:45:43  |w 2026-02-24